Most Common Pronouns - Statistics

General Stats
  • This quiz has been taken 20,352 times
  • The average score is 11 of 14
Answer Stats
Pronoun % Correct
He
99%
She
97%
I
95%
They
95%
Her
90%
Them
88%
You
85%
We
83%
Him
81%
It
76%
Me
73%
Us
70%
Who
22%
One
18%
No matching quizzes found
Score Distribution
Percent of People with Each Score
Percentile by Number Answered
Your Score History
You have not taken this quiz